Statistiques concernant Les pokémons de type Insecte

Cliquez ici pour prendre le quiz!

Statistiques générales

  • Ce quiz a été pris 51 fois
  • Le résultat moyen est 66 sur 77

Statistiques - réponses

GénérationRéponse% Correct
1Aspicot
100%
1Chenipan
100%
1Chrysacier
100%
1Coconfort
100%
1Dardargnan
100%
1Papilusion
100%
3Armulys
98%
3Blindalys
98%
3Charmillon
98%
3Chenipotte
98%
4Cheniselle
98%
4Cheniti
98%
2Cizayox
98%
1Insécateur
98%
3Papinox
98%
2Migalos
95%
2Mimigal
95%
5Scobolide
95%
5Venipatte
95%
1Aéromite
93%
5Brutapode
93%
1Mimitoss
93%
4Papilord
93%
1Paras
93%
1Parasect
93%
1Scarabrute
93%
2Scarhino
93%
5Couverdure
90%
5Manternel
90%
2Coxy
88%
2Coxyclaque
88%
5Larveyette
88%
4Apireine
86%
4Apitrini
86%
4Crikzik
86%
5Fermite
86%
5Genesect
86%
4Mélokrik
86%
3Ningale
86%
5Pyrax
86%
5Pyronille
86%
5Carabing
83%
5Limaspeed
83%
7Lucanon
83%
3Lumivole
83%
3Muciole
83%
3Munja
83%
3Ninjask
83%
2Yanma
83%
4Yanmega
83%
3Arakdo
81%
5Escargaume
81%
2Foretress
81%
5Lançargot
81%
7Larvibule
81%
3Maskadra
81%
5Mygavolt
81%
2Pomdepik
81%
6Prismillon
81%
5Statitik
81%
7Araqua
79%
7Chrysapile
79%
6Pérégrain
79%
7Tarenbulle
79%
7Bombydou
76%
2Caratroc
76%
6Lépidonille
76%
7Mouscoto
76%
3Anorith
74%
3Armaldo
74%
7Cancrelove
71%
5Crabaraque
71%
5Crabicoque
71%
7Rubombelle
71%
7Sovkipou
71%
4Rapion
69%
7Sarmuraï
69%

Distribution des résultats

Percentile par nombre de réponses

% des personnes avec chaque résultat

Votre développement - résultats

Vous n’avez pas pris ce quiz